Vlastnosti polovodivých vrstiev pripravených sieťotlačou bakalárska práca CD

Gespeichert in:
Bibliographische Detailangaben
1. Verfasser: Jurkovič, Patrik
Format: Software Buch
Sprache:Slowakisch
Veröffentlicht: Bratislava STU FCHPT 2013
Online-Zugang:Im OPAC anzeigen
Tags: Tag hinzufügen
Keine Tags, Fügen Sie das erste Tag hinzu!

MARC

LEADER 00000nam a2200000 a 4500
005 20260127134004.0
007 co ugu
008 131204 2013 000 0 slo d
035 |a vtls010562681 
039 9 |y 201312041230  |z mschk03 
040 |a STUSCHK1  |b slo  |c STUSCHK1  |e AACR2 
100 1 |a Jurkovič, Patrik 
245 1 |a Vlastnosti polovodivých vrstiev pripravených sieťotlačou  |b bakalárska práca CD  |c Patrik Jurkovič 
260 |a Bratislava  |b STU FCHPT  |c 2013 
300 |a 1 optický disk 
500 |a Obhájené: júl 2013 
500 |a Štud. program: Technológia polymérnych materiálov 
500 |a Štud. odbor: Chemické technológie 
500 |a Škol. pracovisko: Odd. polygrafie a aplikovanej fotochémie 
500 |a Evid. číslo: FCHPT-5461-69553 
910 |a SCHK95 
999 |c 1602  |d 1602